Teología y derecho
Furkejuvvon:
| Váldodahkki: | |
|---|---|
| Materiálatiipa: | Girji |
| Giella: | espánnjágiella |
| Almmustuhtton: |
Lima
Pontificia Universidad del Perú
1989
|
| Fáttát: | |
| Fáddágilkorat: |
Lasit fáddágilkoriid
Eai fáddágilkorat, Lasit vuosttaš fáddágilkora!
|
MARC
| LEADER | 00000nam a2200000 a 4500 | ||
|---|---|---|---|
| 001 | UCV1555 | ||
| 003 | CL-VaPUC | ||
| 008 | 900816e19890000PE |||||||||||||||||spa|d | ||
| 082 | 0 | 4 | |a 261.83 |b INT |2 21 |
| 100 | 0 | |a Interdonato, Francisco |e author |9 295823 | |
| 245 | 1 | 0 | |a Teología y derecho |
| 300 | |a 145 p | ||
| 942 | |c BK | ||
| 945 | |d 19900816 00:00:00 | ||
| 260 | |a Lima |b Pontificia Universidad del Perú |c 1989 | ||
| 650 | 7 | |a IGLESIA Y PROBLEMAS SOCIALES |2 CL-VaPUC |9 256615 | |
| 650 | 7 | |a IGLESIA Y UNIVERSIDAD |2 CL-VaPUC |9 256616 | |
| 650 | 0 | |a Teología moral |9 256617 | |
| 583 | |a last modification |c 19900816 00:00:00 |k Rodrigo Vera | ||
| 999 | |c 209481 |d 209479 | ||
| 952 | |0 0 |1 0 |4 0 |6 261_830000000000000_INT_1989 |7 0 |8 DER_TF |9 184903 |a BIBDER |b BIBDER |d 2019-11-14 |i 252225K |o 261.83 INT 1989 |p 252225K |r 2019-11-14 |w 2019-11-14 |x Ubicación 4to Piso |y BK |z Estos recursos deben solicitarse con anticipación |k DER | ||